000 00439nam a2200121Ia 4500
008 170221s9999 xx 000 0 und d
100 _aAngelo Aspris
245 4 _aThe Impact of Market Maker Competition on Market Quality: Evidence from an Options Exchange
245 _cAngelo Aspris, Alex Frino, and Andrew Lepone
260 _c2011
650 _xBusiness
856 _uhttp://ro.uow.edu.au/cgi/viewcontent.cgi?article=1396&context=aabfj
999 _c309810
_d309810